[Event "22nd European Teams Women"]
[Site "Batumi GEO"]
[Date "2019.10.31"]
[Round "7.16"]
[Board "2"]
[White "Bejatovic, Bojana"]
[Black "Dannenberg, Alia"]
[Result "1-0"]
[WhiteElo "2004"]
[BlackElo "1902"]
[WhiteTeam "Republic of North Macedonia"]
[BlackTeam "Finland"]
[WhiteFideId "15000141"]
[BlackFideId "504688"]
[EventDate "2019.10.24"]

1. e4 c5 2. Nf3 Nc6 3. Bb5 g6 4. O-O Bg7 5. Re1 Nf6 6. e5 Nd5 7. Nc3 Nxc3 8.
bxc3 O-O 9. d4 Qa5 10. Bxc6 dxc6 11. Bg5 Re8 12. Re3 Bg4 13. h3 Be6 14. Bf4 Rad8
15. Ng5 Bd5 16. Qd3 Qb5 17. Qd1 Qc4 18. h4 h6 19. Ne4 Bxe4 20. Rxe4 Qxc3 21. Be3
Rd5 22. Rb1 b5 23. Rb3 Qa5 24. Qg4 cxd4 25. Bxd4 c5 26. Bc3 b4 27. e6 Rf8 28.
exf7+ Rxf7 29. Bxg7 Kxg7 30. Re6 Qxa2 31. Qxg6+ Kf8 32. Rg3 Qa1+ 33. Kh2 Qh8 34.
Rc6 Rd8 35. Qe6 Qf6 36. Rc8 Ke8 37. Rg8+ Rf8 38. Rxf8+ Qxf8 39. Qg6+ 1-0

[Event "22nd European Teams Women"]
[Site "Batumi GEO"]
[Date "2019.10.31"]
[Round "7.16"]
[Board "3"]
[White "Norlamo, Sarabella"]
[Black "Manova, Ivana"]
[Result "1/2-1/2"]
[WhiteElo "2020"]
[BlackElo "1795"]
[WhiteTeam "Finland"]
[BlackTeam "Republic of North Macedonia"]
[WhiteFideId "4505344"]
[BlackFideId "15003590"]
[EventDate "2019.10.24"]

1. c4 e5 2. Nc3 Nc6 3. g3 f5 4. Bg2 Nf6 5. e3 Be7 6. Nge2 O-O 7. O-O d6 8. b3
Qe8 9. Bb2 Qg6 10. d4 h5 11. Nd5 Bd8 12. h4 Ne4 13. Nec3 exd4 14. exd4 Nxc3 15.
Bxc3 f4 16. Nxf4 Rxf4 17. gxf4 Bxh4 18. Kh1 Bf5 19. Bd5+ Kh8 20. Rg1 Be4+ 21. f3
Qf5 22. Rg4 Qxg4 23. Bxe4 Qh3+ 24. Kg1 Qg3+ 25. Kh1 Qh3+ 26. Kg1 Qg3+ 27. Kh1
Qh3+ 28. Kg1 Qg3+ 1/2-1/2

[Event "22nd European Teams Women"]
[Site "Batumi GEO"]
[Date "2019.10.31"]
[Round "7.16"]
[Board "4"]
[White "Koskoska, Gabriela"]
[Black "Lehtinen, Helja"]
[Result "1/2-1/2"]
[WhiteTitle "WIM"]
[WhiteElo "2036"]
[BlackElo "1802"]
[WhiteTeam "Republic of North Macedonia"]
[BlackTeam "Finland"]
[WhiteFideId "15000630"]
[BlackFideId "515566"]
[EventDate "2019.10.24"]

1. c4 Nf6 2. g3 g6 3. Bg2 Bg7 4. Nc3 O-O 5. e3 d6 6. Nge2 e5 7. O-O c6 8. d4 a5
9. b3 Qe7 10. Ba3 e4 11. h3 Re8 12. Rc1 Na6 13. Nf4 Nb4 14. Qd2 g5 15. Nfe2 Na6
16. Nd1 Nc7 17. Nec3 h5 18. Na4 Ra6 19. c5 d5 20. Bb2 Bf5 21. Bc3 Qe6 22. Kh2
Rea8 23. Nb6 R8a7 24. Rh1 Nb5 25. Bf1 Nd7 26. Nxd7 Qxd7 27. Nb2 Bf6 28. Na4 Bd8
29. Qd1 Bg6 30. Be2 Qf5 31. Be1 h4 32. Bh5 Bc7 33. Kg2 Ra8 34. Qg4 Qxg4 35. Bxg4
f5 36. Be2 f4 37. gxf4 gxf4 38. exf4 Bxf4 39. Rd1 Bf5 40. Nb6 Rf8 41. a4 Nc7 42.
f3 exf3+ 43. Bxf3 Bc2 44. Bxh4 Bxd1 45. Rxd1 Rf7 46. Bg4 Kg7 47. Re1 Kh6 48. Rf1
Kg7 49. Bh5 Rf8 50. Re1 Kh6 51. Be2 Ra7 52. Bd3 Rf7 53. Re2 Kh5 54. Be1 Rg7+ 55.
Kf3 Rf7 56. Kg2 Rg7+ 57. Kf3 Rf7 58. Kg2 1/2-1/2

[Event "22nd European Teams Women"]
[Site "Batumi GEO"]
[Date "2019.11.01"]
[Round "8.1"]
[Board "1"]
[White "Mkrtchian, Lilit"]
[Black "Goryachkina, Aleksandra"]
[Result "1/2-1/2"]
[WhiteTitle "IM"]
[BlackTitle "GM"]
[WhiteElo "2402"]
[BlackElo "2575"]
[WhiteTeam "Armenia"]
[BlackTeam "Russia"]
[WhiteFideId "13300601"]
[BlackFideId "4147103"]
[EventDate "2019.10.24"]

1. Nf3 d5 2. e3 Nf6 3. c4 c6 4. Nc3 e6 5. d4 Nbd7 6. Bd3 dxc4 7. Bxc4 b5 8. Bd3
b4 9. Na4 c5 10. dxc5 Bxc5 11. Nxc5 Nxc5 12. Bb5+ Bd7 13. Bc4 O-O 14. O-O Qc7
15. b3 Rfd8 16. Qe1 a5 17. Bb2 Bc6 18. Ne5 Bd5 19. Rc1 Qd6 20. f3 Rac8 21. Qh4
a4 22. Ng4 Nxg4 23. Qxg4 Qf8 24. Bxd5 Rxd5 25. Qxb4 axb3 26. axb3 Rb8 27. Qg4
Nd3 28. Rc2 Nxb2 29. Rxb2 Rd3 30. e4 Qc5+ 31. Kh1 h5 32. Qf4 Rbxb3 33. Rxb3 Rxb3
34. Rc1 Rc3 35. Rxc3 Qxc3 36. h4 e5 37. Qg5 g6 38. Qf6 Qc5 39. Kh2 Kf8 40. Kg3
Ke8 41. Qh8+ Ke7 42. Qb8 Qc3 43. Qa7+ Kf6 44. Qb6+ Kg7 45. Qb8 Qc5 46. Qe8 Qd6
47. Qc8 Qe7 48. Qc1 Qd6 49. Kh3 Kf8 50. Qc3 Ke7 51. g3 Kf8 52. Qc8+ Kg7 53. Qc3
Kh7 54. Kg2 Qe6 55. Qb2 Qe7 56. Qa2 Qc7 57. Qb3 Kg8 58. Qb2 Qc5 59. Qb8+ Kg7 60.
Qb2 Kf8 61. Qb8+ Ke7 62. Qb7+ Kf6 63. Qb2 Qe3 64. Qc2 Qd4 65. Qc6+ Kg7 66. Qc2
Qa1 67. Qd2 Qb1 68. Qe2 Kf8 69. Qd2 Kg7 70. Qe2 Qc1 71. Qa2 Qc3 72. Qf2 Qc4 73.
Qb2 Kh7 74. Qd2 Qe6 75. Qb2 Qe7 76. Qc2 Kg7 77. Qb2 f6 78. Qc2 Qd7 79. Qb2 Qc6
80. Qd2 Qc7 81. Qb2 Kh6 82. Qd2+ Kh7 83. Qa2 Qe7 84. Qc2 Kg7 85. Qb2 Qa7 86. Qc2
Qa5 87. Qb2 Qa6 88. Qd2 Qb5 89. Qc2 Qb6 90. Qd2 Qa7 91. Qb2 Qd7 92. Qe2 Qd4 93.
Qc2 Qd6 94. Qb2 Qe7 95. Qc2 Kh7 96. Qd3 Qf7 97. Qd6 Kg7 98. Qd2 Qe8 99. Qd6 Qf7
100. Qd2 Qb7 101. Qd6 Kf7 102. Qd2 Kg7 103. Qd6 Qa7 104. Qd2 Kh7 105. Qc2 Qd7
106. Qb2 Kg7 107. Qe2 Kh6 108. Qe3+ Kh7 109. Qe2 Qg7 110. Qc2 Qf7 111. Qb2 Qe7
112. Qc2 Kg8 113. Qc8+ Kg7 114. Qc2 Qd6 115. Qb2 Qc6 116. Qd2 Qb5 117. Qc2 Qb6 1/2-1/2

[Event "22nd European Teams Women"]
[Site "Batumi GEO"]
[Date "2019.11.01"]
[Round "8.1"]
[Board "2"]
[White "Lagno, Kateryna"]
[Black "Ghukasyan, Siranush"]
[Result "1-0"]
[WhiteTitle "GM"]
[BlackTitle "WIM"]
[WhiteElo "2549"]
[BlackElo "2261"]
[WhiteTeam "Russia"]
[BlackTeam "Armenia"]
[WhiteFideId "14109336"]
[BlackFideId "13300946"]
[EventDate "2019.10.24"]

1. e4 e5 2. Nf3 Nc6 3. Bb5 a6 4. Ba4 Nf6 5. O-O Nxe4 6. d4 b5 7. Bb3 d5 8. dxe5
Be6 9. c3 Be7 10. Nbd2 O-O 11. Bc2 f5 12. exf6 Nxf6 13. Re1 Bg4 14. h3 Bh5 15.
Nf1 Ne4 16. Ng3 Nxg3 17. fxg3 Kh8 18. g4 Bf7 19. Be3 Qd6 20. Qd2 Bg8 21. b4 Ne5
22. Nxe5 Qxe5 23. Bd4 Qg5 24. Qxg5 Bxg5 25. a4 Bh4 26. g3 Bf6 27. Bxf6 gxf6 28.
Re7 Rfe8 29. Rxc7 Rac8 30. Rxc8 Rxc8 31. axb5 axb5 32. Bf5 Rxc3 33. Ra8 Kg7 34.
Ra7+ Kh8 35. Rb7 Rxg3+ 36. Kf2 Rxh3 37. Rxb5 h5 38. Rb8 Kg7 39. Rb7+ Kf8 40.
Rb8+ Kg7 41. Rb7+ Kh8 42. b5 hxg4 43. Bxg4 Rb3 44. Rb8 Kg7 45. b6 Bh7 46. b7 Be4
47. Bc8 d4 48. Ra8 Bxb7 49. Ra7 Rf3+ 50. Kg2 Re3+ 51. Rxb7+ Kg6 52. Rd7 Re5 53.
Rxd4 Rc5 54. Ba6 Re5 55. Bd3+ Kf7 56. Kf3 Kg7 57. Rd7+ Kf8 58. Kf4 Re7 59. Rd8+
Re8 60. Rd6 Ke7 61. Ra6 Rd8 62. Bf5 Rd4+ 63. Kg3 Rb4 64. Re6+ Kf7 65. Rd6 Kg7
66. Rd8 Ra4 67. Kf3 Rb4 68. Be6 Rb6 69. Bd5 Kg6 70. Kf4 Rb4+ 71. Be4+ Kf7 72.
Rd6 Ke7 73. Ra6 Kf7 74. Ke3 Ke7 75. Bd5 f5 76. Re6+ Kd7 77. Rf6 Ke7 78. Rxf5 Kd6
79. Be4 Ke6 80. Kf4 Rb2 81. Rh5 Rf2+ 82. Bf3 Rf1 83. Rh6+ Kd7 84. Ke4 Ke7 85.
Bg4 Rf6 86. Rh1 Rb6 87. Bf5 Rb4+ 88. Ke5 Rb5+ 89. Kf4 Rb4+ 90. Be4 Kd6 91. Rh6+
Kc5 92. Ke5 Rb6 93. Rh8 Kb4 94. Kd4 Kb5 95. Rh1 Rd6+ 96. Bd5 Kb6 97. Rb1+ Kc7
98. Rb7+ Kc8 99. Ra7 Rg6 100. Kc5 Kd8 101. Bc6 Rg1 102. Rd7+ Kc8 103. Re7 Rd1
104. Kb6 Rd2 105. Kc5 Rd1 106. Bd5 Kd8 107. Rg7 Kc8 108. Kd6 Kb8 109. Rb7+ Kc8
110. Ra7 Rb1 111. Rg7 Rb6+ 112. Bc6 1-0

[Event "22nd European Teams Women"]
[Site "Batumi GEO"]
[Date "2019.11.01"]
[Round "8.1"]
[Board "3"]
[White "Danielian, Elina"]
[Black "Girya, Olga"]
[Result "1/2-1/2"]
[WhiteTitle "GM"]
[BlackTitle "WGM"]
[WhiteElo "2385"]
[BlackElo "2476"]
[WhiteTeam "Armenia"]
[BlackTeam "Russia"]
[WhiteFideId "13300210"]
[BlackFideId "4195752"]
[EventDate "2019.10.24"]

1. Nf3 d5 2. g3 c6 3. Bg2 Bg4 4. O-O Nf6 5. d4 e6 6. Nbd2 Nbd7 7. Re1 Be7 8. e4
dxe4 9. Nxe4 O-O 10. c3 Nxe4 11. Rxe4 Bxf3 12. Bxf3 Bg5 13. Bxg5 Qxg5 14. Qb3
Rab8 15. Rd1 Qa5 16. Kg2 Rfd8 17. h4 b5 18. Ree1 Qc7 19. Qc2 Nf6 20. Qc1 c5 21.
dxc5 Qxc5 22. Qg5 Qb6 23. Qe5 h6 24. g4 Nd7 25. Qg3 Nf8 26. g5 hxg5 27. Qxg5 f6
28. Qg3 Rxd1 29. Bxd1 Rd8 30. Bb3 Rd2 31. h5 Kf7 32. Re4 Qc6 33. Qf3 Rxb2 34.
Rb4 Qxf3+ 35. Kxf3 Rd2 36. Rxb5 Rd7 37. Ke3 Ke7 38. f4 Rc7 39. Kd4 Nd7 40. c4
Kd6 41. Bd1 e5+ 42. fxe5+ fxe5+ 43. Kc3 Nc5 44. Be2 Rf7 45. Rb8 Rf2 46. Kd2 Rh2
47. Rd8+ Ke6 48. Rc8 Ne4+ 49. Ke3 Nf6 50. Rc7 Rh3+ 51. Kf2 Ne4+ 52. Kg2 Rg3+ 53.
Kh2 a5 54. c5 Rc3 55. Rxg7 Rxc5 56. h6 Nf6 57. Kg1 Rc1+ 58. Kg2 Rc2 59. Kf1 Rc1+ 1/2-1/2

[Event "22nd European Teams Women"]
[Site "Batumi GEO"]
[Date "2019.11.01"]
[Round "8.1"]
[Board "4"]
[White "Gunina, Valentina"]
[Black "Sargsyan, Anna M."]
[Result "0-1"]
[WhiteTitle "GM"]
[BlackTitle "WFM"]
[WhiteElo "2509"]
[BlackElo "2242"]
[WhiteTeam "Russia"]
[BlackTeam "Armenia"]
[WhiteFideId "4167570"]
[BlackFideId "13308130"]
[EventDate "2019.10.24"]

1. e4 c6 2. d4 d5 3. Nc3 dxe4 4. Nxe4 Bf5 5. Ng3 Bg6 6. h4 h6 7. Bd3 Bxd3 8.
Qxd3 Nf6 9. Bd2 e6 10. N1e2 Nbd7 11. O-O-O Qc7 12. Kb1 O-O-O 13. Rhe1 Bd6 14. c4
Rhe8 15. Qf3 Bf8 16. Nc3 Bb4 17. Bf4 Qa5 18. Bd2 Nb6 19. Qd3 Ng4 20. a3 Nxf2 21.
Qc2 Nxc4 22. Rc1 Rxd4 23. Be3 Nxa3+ 24. bxa3 Rc4 25. Qb3 Bxc3 26. Re2 Qd5 27.
Rxc3 Rxc3 28. Qxc3 Nd1 29. Qc2 Rd8 30. Bxa7 Qa5 31. Be3 Nc3+ 32. Kb2 Nxe2 33.
Nxe2 Qe5+ 34. Qc3 Qb5+ 0-1

[Event "22nd European Teams Women"]
[Site "Batumi GEO"]
[Date "2019.11.01"]
[Round "8.2"]
[Board "1"]
[White "Dzagnidze, Nana"]
[Black "Ushenina, Anna"]
[Result "1-0"]
[WhiteTitle "GM"]
[BlackTitle "GM"]
[WhiteElo "2502"]
[BlackElo "2431"]
[WhiteTeam "Georgia"]
[BlackTeam "Ukraine"]
[WhiteFideId "13601903"]
[BlackFideId "14110911"]
[EventDate "2019.10.24"]

1. c4 Nf6 2. Nc3 e5 3. g3 d5 4. cxd5 Nxd5 5. Bg2 Nb6 6. d3 Be7 7. Nf3 Nc6 8. a3
O-O 9. b4 Be6 10. O-O a5 11. b5 Nd4 12. Be3 f6 13. Nd2 c6 14. bxc6 bxc6 15. Bxd4
Qxd4 16. Qc2 Rfc8 17. Rfc1 a4 18. Nce4 Ra5 19. Rcb1 Qd8 20. Nc3 Ra6 21. h4 Kh8
22. Kh2 Qf8 23. Qc1 h6 24. Bh3 Bxh3 25. Kxh3 f5 26. Kg2 Bd6 27. Qc2 Bc5 28. Nf3
Re8 29. e4 Bxa3 30. exf5 Nd5 31. Ne4 Bb4 32. Rxa4 Rxa4 33. Qxa4 c5 34. h5 Rd8
35. Nh4 Kh7 36. Qc6 Qf7 37. Ra1 Qxh5 38. Ra7 Qe8 39. Qxd5 Rxd5 40. Nf6+ Kh8 41.
Ng6+ 1-0

[Event "22nd European Teams Women"]
[Site "Batumi GEO"]
[Date "2019.11.01"]
[Round "8.2"]
[Board "2"]
[White "Gaponenko, Inna"]
[Black "Javakhishvili, Lela"]
[Result "1/2-1/2"]
[WhiteTitle "IM"]
[BlackTitle "IM"]
[WhiteElo "2427"]
[BlackElo "2457"]
[WhiteTeam "Ukraine"]
[BlackTeam "Georgia"]
[WhiteFideId "14101181"]
[BlackFideId "13601458"]
[EventDate "2019.10.24"]

1. e4 c5 2. Nf3 Nf6 3. e5 Nd5 4. c3 e6 5. Bc4 d6 6. d4 cxd4 7. cxd4 Nb6 8. Bd3
Nc6 9. O-O Nb4 10. Bg5 Be7 11. Bxe7 Qxe7 12. Nc3 Nxd3 13. Qxd3 dxe5 14. dxe5 Bd7
15. Nd4 O-O 16. f4 Na4 17. Nxa4 Bxa4 18. b3 Bd7 19. Rfd1 Rfd8 20. Rac1 Be8 21.
Qc2 Rd5 22. Nf3 Rxd1+ 23. Rxd1 Bc6 24. Ng5 g6 25. Ne4 Bxe4 26. Qxe4 Rd8 27.
Rxd8+ Qxd8 28. h3 Qa5 29. Qxb7 Qxa2 30. Qc8+ Kg7 31. Qd8 Qxb3 32. Qf6+ Kg8 33.
Qd8+ Kg7 1/2-1/2

[Event "22nd European Teams Women"]
[Site "Batumi GEO"]
[Date "2019.11.01"]
[Round "8.2"]
[Board "3"]
[White "Arabidze, Meri"]
[Black "Buksa, Nataliya"]
[Result "1-0"]
[WhiteTitle "IM"]
[BlackTitle "IM"]
[WhiteElo "2398"]
[BlackElo "2410"]
[WhiteTeam "Georgia"]
[BlackTeam "Ukraine"]
[WhiteFideId "13604040"]
[BlackFideId "14123622"]
[EventDate "2019.10.24"]

1. Nf3 d5 2. g3 e6 3. Bg2 Nf6 4. c4 Be7 5. O-O O-O 6. d4 dxc4 7. Qc2 b6 8. Bg5
Nd5 9. Bxe7 Qxe7 10. Rc1 b5 11. b3 cxb3 12. Qxb3 a6 13. Ne5 Bb7 14. a4 b4 15. a5
Ra7 16. e4 Nf6 17. Nd2 Rd8 18. Qe3 Ba8 19. Nb3 c6 20. Rc4 Nfd7 21. Nd3 Rb7 22.
e5 Rb5 23. h4 Bb7 24. Rac1 c5 25. Bxb7 Rxb7 26. Qe4 Nf8 27. dxc5 Nc6 28. Nxb4
Nxb4 29. Rxb4 Rxb4 30. Qxb4 Ng6 31. Qb6 Nxe5 32. c6 g5 33. Qxa6 Nxc6 34. Qxc6
gxh4 35. Qc7 Qg5 36. Qf4 Qd5 37. Qxh4 Rb8 38. Nc5 Rc8 39. Qc4 1-0

[Event "22nd European Teams Women"]
[Site "Batumi GEO"]
[Date "2019.11.01"]
[Round "8.2"]
[Board "4"]
[White "Zhukova, Natalia"]
[Black "Melia, Salome"]
[Result "1/2-1/2"]
[WhiteTitle "GM"]
[BlackTitle "IM"]
[WhiteElo "2333"]
[BlackElo "2380"]
[WhiteTeam "Ukraine"]
[BlackTeam "Georgia"]
[WhiteFideId "14101513"]
[BlackFideId "13602446"]
[EventDate "2019.10.24"]

1. c4 e6 2. Nf3 Nf6 3. g3 d5 4. Bg2 Be7 5. O-O O-O 6. Ne5 c5 7. cxd5 exd5 8. e3
Nbd7 9. d4 cxd4 10. exd4 Ne4 11. f3 Nd6 12. Nc3 Nb6 13. a4 a5 14. b3 Nf5 15. Qd3
f6 16. Ng4 Bb4 17. Nb5 Nd6 18. Nxd6 Bxd6 19. Bd2 Bd7 20. Rfe1 Nc8 21. Ne3 Ne7
22. f4 Bc6 23. Bh3 Bd7 24. Bg2 Bc6 25. Bh3 Bd7 26. Bg2 1/2-1/2

[Event "22nd European Teams Women"]
[Site "Batumi GEO"]
[Date "2019.11.01"]
[Round "8.3"]
[Board "1"]
[White "Milliet, Sophie"]
[Black "Mammadzada, Gunay"]
[Result "0-1"]
[WhiteTitle "IM"]
[BlackTitle "IM"]
[WhiteElo "2400"]
[BlackElo "2427"]
[WhiteTeam "France"]
[BlackTeam "Azerbaijan"]
[WhiteFideId "623725"]
[BlackFideId "13403729"]
[EventDate "2019.10.24"]

1. e4 c5 2. Nf3 d6 3. Bb5+ Bd7 4. Bxd7+ Nxd7 5. O-O Ngf6 6. Qe2 e6 7. d4 cxd4 8.
Nxd4 a6 9. c4 Qc7 10. b3 g6 11. Bb2 Bg7 12. Nc3 O-O 13. Kh1 Rfe8 14. f4 h5 15.
Nf3 Rad8 16. Rae1 Ng4 17. Qd2 Nh6 18. Nd4 Qa5 19. Rd1 e5 20. Nde2 exf4 21. Nxf4
Ng4 22. Nfd5 Rc8 23. Qf4 Nge5 24. Na4 Re6 25. Nab6 Rf8 26. Bc3 Qc5 27. Nxd7 Nxd7
28. Bxg7 Kxg7 29. Qf3 Ne5 30. Qc3 Rc8 31. Qe3 Qxe3 32. Nxe3 b5 33. cxb5 axb5 34.
Nd5 Nd7 35. Rd4 Nc5 36. Nc3 Nxb3 37. Rd3 b4 38. Nd5 Rc1 39. Kg1 Rxf1+ 40. Kxf1
Nc1 41. Rd2 b3 42. axb3 Nxb3 43. Rd1 Rxe4 44. Nc7 Nd4 45. g3 Nf5 46. Kf2 Re5 47.
h3 Rc5 48. Ne8+ Kf8 49. Nxd6 Rc2+ 50. Kf3 Rc3+ 51. Kf4 Nxg3 52. Re1 Rd3 53. Re8+
Kg7 54. Rd8 g5+ 55. Ke5 Re3+ 56. Kd5 Rf3 57. Ne8+ Kg6 58. Rd6+ f6 59. Ra6 h4 60.
Ra7 Nh5 61. Nd6 Rd3+ 62. Ke6 Ng7+ 63. Ke7 Rxh3 64. Kf8 Ne6+ 65. Kg8 Rb3 66. Ra8
h3 67. Re8 h2 0-1

[Event "22nd European Teams Women"]
[Site "Batumi GEO"]
[Date "2019.11.01"]
[Round "8.3"]
[Board "2"]
[White "Balajayeva, Khanim"]
[Black "Guichard, Pauline"]
[Result "1/2-1/2"]
[WhiteTitle "WGM"]
[BlackTitle "IM"]
[WhiteElo "2368"]
[BlackElo "2407"]
[WhiteTeam "Azerbaijan"]
[BlackTeam "France"]
[WhiteFideId "13406396"]
[BlackFideId "639370"]
[EventDate "2019.10.24"]

1. e4 e5 2. Nf3 Nc6 3. Nc3 Nf6 4. a3 d5 5. Bb5 d4 6. Ne2 Bd7 7. d3 Bd6 8. O-O
Ne7 9. Bxd7+ Nxd7 10. Ng3 Nf8 11. Nh5 Rg8 12. c3 c5 13. b4 Nc6 14. bxc5 Bxc5 15.
cxd4 exd4 16. Rb1 Bb6 17. Nd2 Ne5 18. Qe2 Qh4 19. g3 Qg4 20. Qxg4 Nxg4 21. Nc4
Nd7 22. Nd6+ Kf8 23. Nxb7 g6 24. Nf4 Kg7 25. Nd5 Nge5 26. Rd1 Rgc8 27. Bb2 Rc2
28. Nd6 Bc5 29. Nb7 Rb8 30. Ba1 Kh6 31. a4 a6 32. h3 Ra2 33. Nxc5 Rxb1 34. Rxb1
Nxc5 35. Kg2 Nexd3 36. Bxd4 Nxe4 37. Be3+ Kg7 38. Bd4+ Kh6 39. Be3+ Kg7 40. Bd4+ 1/2-1/2

[Event "22nd European Teams Women"]
[Site "Batumi GEO"]
[Date "2019.11.01"]
[Round "8.3"]
[Board "3"]
[White "Skripchenko, Almira"]
[Black "Fataliyeva, Ulviyya"]
[Result "1-0"]
[WhiteTitle "IM"]
[BlackTitle "WGM"]
[WhiteElo "2403"]
[BlackElo "2368"]
[WhiteTeam "France"]
[BlackTeam "Azerbaijan"]
[WhiteFideId "13900145"]
[BlackFideId "13403052"]
[EventDate "2019.10.24"]

1. d4 d5 2. Bf4 Nf6 3. e3 e6 4. Nf3 Bd6 5. Bg3 O-O 6. Nbd2 b6 7. c3 c5 8. Bd3
Bb7 9. Qe2 Ne4 10. Rd1 c4 11. Bb1 f5 12. Bxd6 Nxd6 13. Ne5 Nc6 14. O-O b5 15.
Ndf3 a5 16. Nxc6 Bxc6 17. Ne5 Bb7 18. f3 b4 19. e4 dxe4 20. fxe4 Nxe4 21. Bxe4
Bxe4 22. Nxc4 bxc3 23. bxc3 Rf6 24. Nd2 Bb7 25. Nf3 Rg6 26. c4 Be4 27. Rf2 Rb8
28. Qe3 Rb4 29. Ne5 Rf6 30. Rfd2 Qd6 31. Qc3 Rf8 32. a3 Rbb8 33. Qxa5 Rb3 34.
Qc5 Qd8 35. d5 exd5 36. cxd5 Qc8 37. Nc6 Kh8 38. a4 f4 39. Qc4 Re3 40. Qd4 Qg4
41. Ne5 Qf5 42. d6 Bxg2 43. d7 Bf3 44. Nxf3 Rd8 45. Qb6 Qf8 46. Ng5 1-0

[Event "22nd European Teams Women"]
[Site "Batumi GEO"]
[Date "2019.11.01"]
[Round "8.3"]
[Board "4"]
[White "Mammadova, Gulnar"]
[Black "Benmesbah, Natacha"]
[Result "1-0"]
[WhiteTitle "IM"]
[BlackTitle "WIM"]
[WhiteElo "2369"]
[BlackElo "2265"]
[WhiteTeam "Azerbaijan"]
[BlackTeam "France"]
[WhiteFideId "13403508"]
[BlackFideId "642002"]
[EventDate "2019.10.24"]

1. e4 c5 2. Nf3 Nc6 3. Bb5 g6 4. Bxc6 dxc6 5. d3 Bg7 6. h3 Nf6 7. Nc3 b6 8. O-O
O-O 9. e5 Nd5 10. Re1 Nc7 11. Bf4 Ne6 12. Qd2 Nd4 13. Nxd4 cxd4 14. Ne4 Qd5 15.
c4 dxc3 16. Nxc3 Qe6 17. d4 Rd8 18. Qe3 Bb7 19. Rad1 h5 20. b3 c5 21. dxc5 Qc6
22. Rxd8+ Rxd8 23. Ne4 bxc5 24. Qxc5 Rd1 25. Rxd1 Qxe4 26. f3 Qxf4 27. Qxe7 Qe3+
28. Kh1 Bxf3 29. Qd8+ Kh7 30. Qd3 Qxd3 31. Rxd3 Bc6 32. Rd6 Bb5 33. a4 Be2 34.
Rd2 Ba6 35. Rd7 Bxe5 36. Rxf7+ Kh6 37. Rxa7 Bd3 38. Re7 Bf4 39. h4 Bc2 40. Rb7
Bg3 41. a5 Bxh4 42. b4 Be4 43. Rf7 Bd3 44. Rd7 Bf5 45. Rd5 Bf2 46. b5 h4 47. Kh2
Be4 48. Rd2 Be3 49. Rd8 g5 50. Re8 Bf4+ 51. Kg1 Bd3 52. b6 Ba6 53. Ra8 Bb7 54.
Ra7 Bc6 55. Re7 Kh5 56. a6 Bd6 57. b7 Bc5+ 58. Kh2 Ba7 59. Rh7+ Kg4 60. Rh8 Bb5
61. Ra8 Bb8+ 62. Kg1 Bf4 63. a7 Be3+ 64. Kh1 Bc6 65. b8=Q h3 66. Qc8+ Kg3 67.
Qxc6 1-0

[Event "22nd European Teams Women"]
[Site "Batumi GEO"]
[Date "2019.11.01"]
[Round "8.4"]
[Board "1"]
[White "Socko, Monika"]
[Black "Atalik, Ekaterina"]
[Result "1/2-1/2"]
[WhiteTitle "GM"]
[BlackTitle "IM"]
[WhiteElo "2417"]
[BlackElo "2464"]
[WhiteTeam "Poland"]
[BlackTeam "Turkey"]
[WhiteFideId "1106619"]
[BlackFideId "4130189"]
[EventDate "2019.10.24"]

1. e4 c6 2. d4 d5 3. e5 Bf5 4. h4 h6 5. g4 Bd7 6. Nc3 e6 7. Be3 Qb6 8. Na4 Qa5+
9. c3 Qc7 10. Nf3 b6 11. b4 a5 12. bxa5 Rxa5 13. Qb3 b5 14. Nc5 Bxc5 15. dxc5
Ra4 16. Bd4 h5 17. gxh5 Ne7 18. Bd3 Rxh5 19. Ng5 Nf5 20. Bxf5 exf5 21. f4 Be6
22. Qd1 g6 23. Nf3 Nd7 24. Qd2 Qd8 25. Qf2 Qa5 26. O-O Kd8 27. Rfb1 Kc7 28. Ne1
Ra3 29. Nd3 Qa8 30. Kg2 Nf8 31. Rh1 Bd7 32. Nb4 Ne6 33. Rad1 Qf8 34. Nd3 Qh6 35.
Rh3 Bc8 36. Rb1 Qh7 37. Rbh1 Ba6 38. Nb4 Qh6 39. Rf3 Bb7 40. Nd3 Ra8 41. Be3 Ra3
42. Bd4 Ra4 43. Nb4 Qh8 44. Rhh3 Bc8 45. Kh2 Bd7 46. Kg2 Qh7 47. Be3 Ra8 48. Rh1
Rh8 49. Nd3 Rxh4 50. Rxh4 Qxh4 51. Qxh4 Rxh4 52. Rh3 Rxh3 53. Kxh3 g5 54. Kg3 g4
55. Kh4 Nd8 56. Nf2 Nb7 57. Bd4 Na5 58. Be3 Be6 59. Nd3 Nc4 60. Bc1 Bd7 61. Nb4
Kd8 62. Nc2 Ke7 63. Nd4 Kd8 64. Nc2 Ke7 1/2-1/2

[Event "22nd European Teams Women"]
[Site "Batumi GEO"]
[Date "2019.11.01"]
[Round "8.4"]
[Board "2"]
[White "Yildiz Kadioglu, Betul Cemre"]
[Black "Zawadzka, Jolanta"]
[Result "1-0"]
[WhiteTitle "WGM"]
[BlackTitle "WGM"]
[WhiteElo "2338"]
[BlackElo "2406"]
[WhiteTeam "Turkey"]
[BlackTeam "Poland"]
[WhiteFideId "6302920"]
[BlackFideId "1122320"]
[EventDate "2019.10.24"]

1. Nf3 d5 2. g3 Nc6 3. d4 Bf5 4. Bg2 Nb4 5. Na3 e6 6. c3 Na6 7. O-O Be7 8. Qb3
Rb8 9. Ne5 c6 10. f3 Nf6 11. e4 Bg6 12. Nc2 O-O 13. Ne3 c5 14. exd5 cxd4 15.
cxd4 Nxd5 16. Nxd5 exd5 17. Bf4 Bf5 18. Rac1 Bd6 19. Rfd1 Nc7 20. Nd3 Bxd3 21.
Bxd6 Qxd6 22. Rxd3 Rfe8 23. f4 Re7 24. Qa3 Qxa3 25. Rxa3 Nb5 26. Rd3 Rc7 27. Rc5
Rxc5 28. dxc5 Nc7 29. Bxd5 Na6 30. Ra3 Nxc5 31. Rxa7 Kf8 32. b4 Rd8 33. Bxf7
Rd1+ 34. Kg2 Rd2+ 35. Kf3 Nd3 36. Ke3 Rxh2 37. Kxd3 Kxf7 38. Rxb7+ Kf6 39. a4
Rg2 40. a5 Rxg3+ 41. Ke4 h5 42. Rb6+ Kf7 43. Rb5 h4 44. a6 h3 45. a7 Ra3 46. Rh5
Rxa7 47. Rxh3 Rb7 48. Rb3 Ke6 49. b5 Rb8 50. b6 Rb7 51. f5+ Kf6 52. Rb5 Re7+ 53.
Kd5 Kxf5 54. Kd6+ Kf6 55. Rf5+ 1-0

[Event "22nd European Teams Women"]
[Site "Batumi GEO"]
[Date "2019.11.01"]
[Round "8.4"]
[Board "3"]
[White "Cyfka, Karina"]
[Black "Ozturk, Kubra"]
[Result "1-0"]
[WhiteTitle "IM"]
[BlackTitle "WGM"]
[WhiteElo "2412"]
[BlackElo "2317"]
[WhiteTeam "Poland"]
[BlackTeam "Turkey"]
[WhiteFideId "1122681"]
[BlackFideId "6302599"]
[EventDate "2019.10.24"]

1. d4 Nf6 2. c4 e6 3. Nf3 d5 4. Nc3 Be7 5. Bg5 Nbd7 6. e3 h6 7. Bh4 O-O 8. Qc2
c6 9. cxd5 exd5 10. Bd3 Re8 11. Bg3 Nf8 12. h3 Bd6 13. Ne5 c5 14. O-O c4 15. Be2
Bb4 16. f3 g6 17. Rad1 Bxc3 18. bxc3 Bf5 19. Qd2 Nh5 20. Bf2 Be6 21. g4 Ng7 22.
e4 g5 23. f4 gxf4 24. Qxf4 Qg5 25. Qg3 dxe4 26. Be3 Qe7 27. d5 f6 28. dxe6 fxe5
29. Bxc4 Rec8 30. Rf7 Qa3 31. Qxe5 1-0